Prc̀ticas comerciales desleales y validez del contrato

Bibliographic Details
Main Author: Fuenteseca Degeneffe, Cristina
Format: eBook
Language:Spanish
Published: Barcelona: J.M. Bosch Editor, 2021
Subjects:
Online Access:Acceso restringido

MARC

LEADER 00000nam a22000007a 4500
005 20220831230029.0
007 cr|||| ||||
008 220831s2021 es |||||s|||| 00||0 spa d
020 |a 978-84-19045-13-3 
035 |a 36324 
040 |a vLex 
090 |c 13862  |d 13862 
100 1 |a Fuenteseca Degeneffe, Cristina 
245 1 0 |a Prc̀ticas comerciales desleales y validez del contrato  |h [Recurso electrn̤ico] /  |c Cristina Fuenteseca Degeneffe 
256 |a Servicio en ln̕ea 
260 |a Barcelona:  |b J.M. Bosch Editor,  |c 2021 
300 |a 1 recurso electrn̤ico 
506 1 |a Disponible solo en los productos indicados  |d vLex Global  |d vLex Global (Academic Edition, excluding Law Schools)  |d vLex Global (U.S. Academic Edition, Law Schools)  |d vLex Global (U.S. Academic Edition, excluding Law Schools)  |d vLex Global (Academic Edition, Law Schools) 
650 0 4 |a Derecho Civil  |z Espaą 
740 0 |a vLex Libros (Servicio en ln̕ea) 
856 4 0 |u https://app.vlex.com/#/sources/36324  |z Acceso restringido 
942 |c BOOK 
999 0 |a Civil Law